The office and work of the Holy Spirit / (Record no. 4697)
[ view plain ]
| 000 -LEADER | |
|---|---|
| fixed length control field | 00631cam a2200229Ii 4500 |
| 001 - CONTROL NUMBER | |
| control field | 21413 |
| 003 - CONTROL NUMBER IDENTIFIER | |
| control field | GBCCL |
| 005 - DATE AND TIME OF LATEST TRANSACTION | |
| control field | 20241126110524.0 |
| 008 - FIXED-LENGTH DATA ELEMENTS--GENERAL INFORMATION | |
| fixed length control field | 751122s1966 en 000 0 eng d |
| 035 ## - SYSTEM CONTROL NUMBER | |
| System control number | (OCoLC)01848509 |
| 040 ## - CATALOGING SOURCE | |
| Original cataloging agency | NVS |
| Transcribing agency | NVS |
| 049 ## - | |
| -- | LBBK |
| -- | LBBC |
| 082 ## - DEWEY DECIMAL CLASSIFICATION NUMBER | |
| Classification number | 231.3 |
| Item number | BUC |
| 092 ## - LOCALLY ASSIGNED DEWEY CALL NUMBER (OCLC) | |
| Classification number | 231.3 |
| Item number | B918 |
| 100 1# - MAIN ENTRY--PERSONAL NAME | |
| Personal name | Buchanan, James, |
| Dates associated with a name | 1804-1870. |
| 9 (RLIN) | 8599 |
| 245 14 - TITLE STATEMENT | |
| Title | The office and work of the Holy Spirit / |
| Statement of responsibility, etc. | James Buchanan. |
| 260 ## - PUBLICATION, DISTRIBUTION, ETC. | |
| Place of publication, distribution, etc. | London : |
| Name of publisher, distributor, etc. | The Banner of Truth Trust, |
| Date of publication, distribution, etc. | [1966] |
| 300 ## - PHYSICAL DESCRIPTION | |
| Extent | 290 p. ; |
| Dimensions | 23 cm. |
| 500 ## - GENERAL NOTE | |
| General note | "First published 1843." |
| 650 #0 - SUBJECT ADDED ENTRY--TOPICAL TERM | |
| Topical term or geographic name entry element | Holy Spirit. |
| 9 (RLIN) | 225 |
| 942 ## - ADDED ENTRY ELEMENTS (KOHA) | |
| Source of classification or shelving scheme | Dewey Decimal Classification |
| Koha item type | Books |
| Koha issues (borrowed), all copies | 14 |
| Withdrawn status | Lost status | Source of classification or shelving scheme | Damaged status | Not for loan | Home library | Current Library | Shelving location | Date acquired | Total checkouts | Total renewals | Full call number | Barcode | Date last seen | Date last checked out | Copy number | Price effective from | Koha item type |
|---|---|---|---|---|---|---|---|---|---|---|---|---|---|---|---|---|---|
| Dewey Decimal Classification | GRACE BIBLE COLLEGE | GRACE BIBLE COLLEGE | Theology | 2018-02-01 | 15 | 1 | 231.3 BUC | 001723 | 2025-05-01 | 2025-02-13 | c.1 | 2018-02-01 | Books |